Jonathan's General Knowledge #3 - Statistics

General Stats
  • This quiz has been taken 630 times
  • The average score is 8 of 20
Answer Stats
# Hint Answer % Correct
19 'Binary' means composed of how many parts? Two
86%
4 The Bay of Pigs was the location of a failed invasion of which country? Cuba
83%
11 In which city can you find the tallest hotel in the world? Dubai
78%
2 Who wrote the Chronicles Of Narnia? C.S. Lewis
67%
17 What spirit is commonly poured over Christmas pudding? Brandy
57%
7 Eddie Redmayne won a Golden Globe award in 2015 for his portrayal of whom? Stephen Hawking
56%
5 What is the name given to an adult male gorilla? Silverback
50%
10 An impala is a type of which animal species? Antelope
48%
16 Monaco is a city-state on which famous coastline? French Riviera (Côte d'Azur)
43%
14 What is ascorbic acid better known as? Vitamin C
39%
15 What relation are TV characters Phineas and Ferb to each other? Stepbrothers
35%
3 Which U.S. golfer was known as the Golden Bear? Jack Nicklaus
32%
20 B.B. King's guitars and a Little Richard hit share which female first name? Lucille
32%
12 Ian Hislop is the editor of which British satiricial magazine? Private Eye
28%
6 Bacolod, Cebu and Davao are cities of which country? Philippines
23%
1 Zog I was the last king of which European country? Albania
19%
13 Who served the shortest tenure as president of the United States? William Henry Harrison
17%
9 Who was the goddess of agriculture in Roman mythology? Ceres
15%
8 The spleen is an organ in which "system" of the body? Lymphatic
13%
18 Which band did Steve Winwood join when he was 14 years old? Spencer Davis Group
5%
No matching quizzes found
Score Distribution
Percent of People with Each Score
Percentile by Number Answered
Your Score History
You have not taken this quiz